Quizzes
Events
Quiz Creation
Community
Videos
Private Events
Remove Ads
Sign In
Join for FREE
Feedback
Dark Mode
Quiz Categories
Sports
Geography
Music
Movies
Television
Just For Fun
Miscellaneous
History
Literature
Language
Science
Gaming
Entertainment
Religion
Holiday
For Kids
Quiz Lab
Recent
Popular Today
Quiz Kudos Today
Editor Picks
Curator Picks
Quizzes by...
Day
Popularity
Type
Ratings
Length
Year
Community
Subscriptions
Recent Discussions
Orange Saloon
Badges
Playlists
Quests
Create
Leaderboards
Showdown
Live 5
Trivia Bingo
Activity
Puzzle Library
Sporcle Events
Private Events
Virtual Trivia
Globe League
Become a Host
Pub Owners
SporcleCon
Opinionation
Our Games
Videos
Blog
Mobile Apps
Partnerships
Remove Ads and Go Orange
Feedback
Music
Pop Music
The Beatles
Song
Album
Lyrics
Bands
Singers
Artist
Clip
Rock
Rap
Classical
Billboard
Country Music
Kpop
Taylor Swift
Music
Pop Music
The Beatles
Song
Album
Lyrics
Bands
Singers
Artist
Clip
Rock
Rap
Classical
Billboard
Country Music
Kpop
Taylor Swift
Random Quiz
Search Sporcle
×
Quiz Lab
Quiz Lab
Music
Kpop
Select answers by clicking on text or image buttons
Select answers by clicking on text or image buttons
Clickable
Best Score? Go Orange.
K-Idol Names in Hangeul Stats
Can you guess the K-Idol Names in Hangeul?
By
KimHaneul99
15m
35 Questions
2,984 Plays
2,984 Plays
2,984 Plays
Comments
Comments
Give Quiz Kudos
Give Quiz Kudos
-
- Ratings
hide this ad
Forced Order
Answers have to be entered in order
Answers have to be entered in order
Random Order
Randomize order of answers
Randomize order of answers
Replay
Link that replays current quiz
Next Quiz
Link to next quiz in quiz playlist
You Got
0%
They Got
Avg Score
90%
Avg Friend Score
Upgrade to see
Score Distribution
Jump to the score distribution portion of the page
Score
0/35
Timer
15:00
1
Play Today
% Correct
Park Jimin
91.8%
V
91.6%
Lee Taemin
91.4%
Byun Baekhyun
91.4%
Dean
91.3%
DO
91.3%
Oh Sehun
91.2%
Suga
91%
Jeon Jungkook
91%
Kim Seokjin
91%
Chen
90.9%
Suho
90.6%
Kim Jonghyun
90.4%
Xiumin
90.3%
Kai
90.3%
Rap Monster
90.3%
Choi Minho
90.3%
Key
90.2%
% Correct
Min Yoongi
89.9%
Lay
89.9%
Shownu
89.9%
Onew
89.7%
I.M
89.6%
Yoo Kihyun
89.5%
Kim Taehyung
89.5%
J-Hope
89.5%
Park Chanyeol
89.3%
Chae Hyungwon
89.3%
Wonho
89.1%
Lee Minhyuk
89%
Lee Jooheon
89%
Kim Kibum
88.9%
Lee Jinki
88.6%
Kim Namjoon
88.2%
Jung Hoseok
86%
Quiz Playlist
Details
Report
Send in Message
Add To Playlist
Clickable:
Select answers by clicking on text or image buttons
Forced Order:
Answers have to be entered in order
Random Order:
Randomize order of answers
Last Updated: Aug 15, 2017
Quiz Scoreboard
CHALLENGE
Sign Up to Join the Scoreboard
Show All
Scores
Hide
Comments
May contain spoilers
Recently Published
Billboard Blitz: Fleetwood Mac
by CooCooCachoo
Music
15s
Presidents Visiting Landmarks
by Hejman
History
7m
An Introduction to Baseball
by treessimontrees
Sports
5m
More to Explore
Quiz From the Vault
Featured Blog Post
Where Did the Easter Bunny Come From?
hide this ad
You Might Also Like...
Tags
Kpop Quiz
hangul
Korea
Korean
Korean-English
Kpop Idol
Kpop Quiz
South Korea
South Korean
Today's Top Quizzes in Music
Browse Music
hide this ad
Today's Top Quizzes in Kpop
Browse Kpop
Top Contributed Quizzes in Music
1
Taylor Swift All Songs (2024)
2
Guess the Artist- 70s Songs
3
7-to-1: Billboard Hot 100 #1 Hits of 2010s
4
Sorting Albums and Songs
5
Taylor Swift Logic Puzzle
6
KPOP LOGIC QUIZ
7
2010s Album by Cover III
8
One Thing in Common: Music
9
Guess the Taylor Swift song (Mystery Song)
10
Guess The Taylor Swift Lyrics Song #1
Explore More
Trending Topics
Disney
Harry Potter
Marvel
NBA
Kpop
Crossword
Anime
Soccer
WWE
NFL
Song
Country
Pokémon
Puzzle
The Office
hide this ad
More By:
KimHaneul99
Quiz
Plays
Rating
Category
Featured
Created
K-Pop Lyrics We All Scream
12,711
3.94
Music
Feb 17, 2018
Guess The BTS Song by the English Lyric
5,803
5.00
Music
Feb 12, 2017
K-Idol Names in Hangeul
2,984
4.09
Music
Jun 2, 2017
Match the K-Pop Idol to the Group (1)
2,945
3.69
Music
May 28, 2017
K-Pop Maknaes
2,903
4.00
Music
Dec 24, 2017
Go to Creator's Profile
Score Distribution
Quiz Creator Spotlight
KimHaneul99
Follow
Send a Message
Quizzes Created
-
Created Quiz Play Count
-
More By This Creator
Popular Quizzes Today
1
Find the US States - No Outlines Minefield
2
Find the Countries of Europe - No Outlines Minefield
3
The Countries of the World
4
Find the US States
5
Risky Map Clicking: Biggest States A-Z
6
US States
7
Popular People in 1961
8
Movies - When Are They Set?
More Music Quizzes
10 to 1: Classic Rock Songs VII
Published
Trending Quizzes
Risky Map Clicking: Least Populous States A-Z
1-10 Letter G Words
1-10 Letter F Words
Risky Map Clicking: Next State Alphabetically
Risky Map Clicking: Biggest States A-Z
Recently Updated
Leaping Animals
pecheneg
Reality TV Shows (A-Z)
bhenderson79
Rickey Henderson's Hall of Fame Teammates
pecheneg
Champions League XIs: Arsenal
pecheneg
Quick Pick: Celebrities in WWE's Hall of Fame
aduchscher
A-Z Keypad Blitz II
pecheneg
Multiple Oscar Actors
pecheneg
Mystery Phrase Blitz: Oscar 'Best Actors'
pecheneg
F. Scott Fitzgerald Novels
LTH
Pick 3 Villains
ddd62291
Trending Topics
Anime
Harry Potter
NBA
Kpop
Crossword
Disney
Marvel
The Office
Pokémon
Soccer
WWE
Country
Song
Puzzle
NFL
Your Account Isn't Verified!
In order to create a playlist on Sporcle, you need to verify the email address you used during registration. Go to your
Sporcle Settings
to finish the process.
Report this User
Report this user for behavior that violates our
Community Guidelines
.
Details:
Send Report
Go to the Sporcle.com Mobile Site →
Comments